000 00294nam a22001337a 4500
008 180213b xxu||||| |||| 00| 0 eng d
020 _a0801680000-X
041 _aeng
080 _a61
100 _a3
101 _aSHM
245 _aThe harriet lane handbook
_cJohnson,K.B
942 _2udc
_cBK
999 _c42359
_d42359